[Event "Washington President's Cup"]
[Site "Chess.com"]
[Date "2021.02.06"]
[Round "2"]
[White "Guha, Mitrabha"]
[Black "Lenderman, Aleksandr"]
[Result "1/2-1/2"]
[WhiteElo "2505"]
[BlackElo "2704"]
[Annotator "Aleksandr Lenderman"]
[PlyCount "135"]
[EventDate "2021.02.06"]
[EventType "swiss"]
[EventRounds "5"]
[TimeControl "4200+10"]

{[%evp 0,135,19,31,75,85,71,64,65,18,9,11,22,9,42,0,-7,-8,-11,-16,1,1,-2,-6,14,
9,0,-10,-11,-15,-18,-24,-24,-26,-3,-5,-10,-16,-10,-14,-10,-7,-15,-15,-18,-22,
-9,-13,-9,-13,14,0,0,-16,0,0,0,0,-20,-10,-25,-28,-35,-35,-35,-41,-46,-64,-64,
-61,-65,-55,-33,-36,-27,-78,-66,-69,-30,-48,-46,-53,-43,-72,-71,-70,-70,-122,
-125,-100,-101,-90,-91,-92,-87,-92,-104,-84,-84,-84,-66,-70,-65,-77,-113,-157,
-92,-117,-122,-135,0,0,0,0,-14,-18,-19,-19,-29,-28,-7,-2,-1,-6,-6,-1,0,0,0,0,0,
0,0,0,0,0,0,0] In round two I was playing IM Guha Mitrabha. I wanted a fight
against him, since I have two byes last two rounds. I got a very interesting
fight, and was able to outplay him only to then get unnecessarily cute in the
end.} 1. d4 f5 {Going for a fight. Last time I played a more solid queens
gambit accepted.} 2. Nc3 Nf6 3. Bg5 d5 4. Bxf6 exf6 5. e3 Be6 6. Bd3 Qd7 7. Nf3
Nc6 8. Ne2 (8. a3) 8... Nb4 {I believe that white didn't play the opening in
the most ambitious way, and I am already totally fine after exchanging his
good bishop.} 9. Nf4 Nxd3+ 10. Qxd3 Bf7 11. h4 h5 {I played this move
automatically, but perhaps it wasn't necessary.} (11... Bd6) 12. O-O-O O-O-O
13. Qc3 Bd6 14. Nd3 b6 15. Kb1 Rhe8 16. a3 Bf8 {Now, for many moves we will
have an even maneuvrening battle.} 17. Nf4 Kb7 18. Rd3 Rc8 19. Qd2 Red8 20. Rd1
a5 21. Rb3 Ra8 22. g3 Rdb8 23. Nd3 (23. Qe2 Kc8 24. Kc1 {Maybe it was time for
white to escape with his king while he can.}) 23... Kc8 24. Rc3 Qe8 25. Qe2 Bd6
26. Nd2 Kd8 {I want to eventually break on the queenside, so I am moving my
king to the kingside, and taking advantage of the closed nature of the
position.} 27. Qf3 g6 28. Nb3 Ke7 29. Nf4 c6 30. Nd3 (30. Nc1) 30... Kf8 31.
Kc1 Rc8 32. Nf4 Kg7 33. Qg2 Qe4 $2 {This was a mistake that wasn't taken
advantage of.} (33... Rab8 34. Nd2 Qd7 {Eventually my plan is Qb7 and b5 and
b4. It is hard for him to play. His queen is also off-side.}) 34. Nd2 $2 {
Missing a good opportunity.} (34. f3 Qe7 35. g4 fxg4 36. fxg4 {creating
counterplay.}) 34... Qxg2 $2 {The engine thinks I shouldn't have traded queens.
} (34... Qe7) 35. Nxg2 c5 36. Rb3 Rab8 37. Nb1 c4 (37... a4 38. Rbd3 c4 39.
R3d2 {looked too drawish to me.}) 38. Rb5 Rd8 $5 {An interesting try.} 39. Nc3
Be8 40. Rxd5 Bc6 {Now, the point of Rd8 was revealed. The d6 bishop is now
protected.} 41. Nf4 $2 {Here, white doesn't choose the best way though.} (41.
Rxd6 Rxd6 42. d5 Bd7 43. a4 b5 44. axb5 Bxb5 45. Rd4 {is decent for white.})
41... Bxd5 42. Ncxd5 Kf7 43. a4 b5 {Of course! Opening up the files for my
rooks since I am up an exchange.} 44. axb5 Rxb5 45. Nc3 Rb7 46. Nfe2 g5 {
Opening up the second front. I need to create a 2nd weakness in order to win.}
(46... Rdb8 47. Na4 {Here, I considered something interesting, but it didn't
work.} Rxb2 48. Nxb2 Ba3 49. Kd2 Bxb2 50. Nc3 {because he is in time to stop a4
}) 47. Rh1 Kg6 48. Na4 Rb4 49. Nec3 f4 50. gxf4 gxf4 51. e4 f3 $1 {Now, I'm
winning.} 52. d5 Bf4+ $6 {Here I started rushing. Very bad rookie mistake. Now
I'm complicating it a bit.} (52... Rg8 53. Rh3 Kf7 54. Rxf3 Rg1+ 55. Kd2 Rh1
$19 {was cleaner.}) 53. Kd1 f5 $6 {natural but why allow counterplay.} (53...
Kf7 54. Rh3 Rg8 55. Rxf3 Rg1+ 56. Ke2 Bd6) 54. Nc5 fxe4 $4 {Looks clever but
getting too cute and based on a serious miscalculation.} (54... Rb6 {this move
should win simply, by stopping Ne6.}) 55. Ne6 Be5 56. Rg1+ $1 {Of course! This
check is very unpleasant since it disturbs my harmony, and I have no good
square for my king.} (56. Nxd8 $2 {would reveal the point of my line.} Bxc3 {
where I win routinely.}) 56... Kf6 {Now I have to unfortunately allow Nxe4
with check.} (56... Kh6 {I think I might've thought this was possible but I
missed a key detail.} 57. Nxd8 Bxc3 58. Nf7+ Kh7 59. Ng5+ {and I cannot escape
perpetual.}) (56... Kf5 $2 {allows a very nasty check.} 57. Rg5+ Kf6 58. Nxe4+)
(56... Kh7 {And I thought maybe I can even do this but ...} 57. Ng5+ {He
doesn't actually have to take the rook and I still don't have a good way to
escape with my king. Very annoying! Knights are very tricky.}) 57. Nxe4+ Kf5
58. Nxd8 Kxe4 59. Nc6 {Now it just leads to a forced draw.} Rxb2 60. Re1+ Kxd5
61. Rxe5+ Kxc6 62. Rxa5 c3 63. Kc1 Rb4 64. Rxh5 Re4 65. Kb1 (65. Kd1 $4 Ra4 $19
{shows that it is still never too late to blunder.}) 65... Rb4+ 66. Kc1 Re4 67.
Kb1 Rb4+ (67... Re2 68. Rf5 Rxf2 69. h5 {Is also draw, but here, I have to
fight for it.}) 68. Kc1 {Game drawn by repetition. I guess compensation for my
luck first game :) Anyway, a fun up and down game, and definitely very
instructive.} 1/2-1/2

[Event "Washington President's Cup"]
[Site "Chess.com"]
[Date "2021.02.06"]
[Round "3"]
[White "Lenderman, Aleksandr"]
[Black "Talukdar, Rohan"]
[Result "1-0"]
[WhiteElo "2704"]
[BlackElo "2400"]
[Annotator "Aleksandr Lenderman"]
[PlyCount "79"]
[EventDate "2021.02.06"]
[EventType "swiss"]
[EventRounds "5"]
[TimeControl "4200+10"]

{[%evp 0,79,19,29,18,2,61,-12,-2,-5,38,-1,11,3,0,22,24,13,16,29,32,26,16,11,32,
28,34,28,45,25,12,15,39,14,15,25,43,37,39,25,59,60,60,54,56,55,65,69,70,75,123,
133,143,139,148,156,154,158,157,154,159,178,172,102,111,113,133,131,207,209,
481,487,513,484,513,535,558,558,779,786,796,821] My round 3 game was against
Rohan Talukdar, another frequent opponent as of late for me in online events.} 
1. Nf3 Nf6 2. c4 g6 3. b4 {So far I've changed what I played against him every
single time to keep him guessing, and this game isn't any different. I decided
to try out this rare system against the Grunfeld, which can be similar to the
reversed system, Nf3 Nf6 g3 b5 for black, which I consider quite reputable and
under-rated.} a5 4. b5 c6 5. a4 Bg7 6. Bb2 {Natural, but actually, maybe it
was better to start with d4, e3, Be2, 0-0, and leave some flexibility for the
c1 bishop to potentially go to a3 in some cases.} O-O 7. e3 d5 8. cxd5 cxd5 9.
Be2 Bg4 10. O-O Nbd7 11. d4 Ne4 (11... Nb6 $11 {This was also natural. The way
I played probably should not cause too much problems to black.}) 12. Nc3 Nxc3
13. Bxc3 Qc7 {Not sure if it was a good idea to put the queen on a file where
I can put the rook.} (13... Nb6) 14. Qb3 Rfc8 15. Rfc1 e6 16. Bd2 Qd8 17. h3
Bxf3 18. Bxf3 Bf8 $6 {This is inaccurate though, since it loses control of the
d4 pawn, and gives me a chance to get some initiative. Still nothing that
special, but at least it's something.} (18... Rxc1+ 19. Rxc1 Nb6 20. Be2 Bf8
$11 {should still be equal.}) 19. e4 $1 {I don't miss my chance!} Nf6 (19...
Nb6 20. Rxc8 (20. exd5 Rxc1+ 21. Rxc1 exd5 $14 {Black should be able to hold
this. However, at least, here the d5 pawn can be a long-term weakness.}) 20...
Rxc8 21. Bxa5 dxe4 22. Bxe4 Qxd4 {Was still fine for black but it's a bit more
double-edged.}) 20. Bg5 $5 {The most ambitious move but maybe not best.} (20.
exd5) (20. e5 {both secured some small edge. I guess I wanted more though.})
20... dxe4 21. Bxe4 Rxc1+ 22. Rxc1 Bh6 $2 {And here comes his decisive mistake.
Giving up such a bishop and weakening the dark squares turns out to be deadly
for black.} (22... h6 23. Bxf6 Qxf6 24. Bxb7 Rb8 25. Bf3 Qxd4 {And black has
good chances of holding with a very good blockade on the b6 square.}) 23. Bxh6
Nxe4 24. Qe3 {Here I was already choosing between several pleasant options.}
Qd5 25. Rc7 Nd6 26. Rd7 {Once again, the simplest. Black has to play Nf5 due
to a deadly Qf4 threat, but I assessed the endgame as completely lost.} Nf5 27.
Rxd5 Nxe3 28. Rd7 Nd5 (28... Nf5 29. Bg5 b6 30. g4 Ng7 31. Rd8+ {Definitely
didn't offer saving chances.}) 29. Rxb7 Nc3 30. b6 Nxa4 31. d5 {Freeing the e3
square for the bishop to defend b6. Black will be forced to lose the knight
now.} exd5 32. Be3 g5 33. Bd4 f6 $6 (33... Nxb6 34. Rxb6 (34. Bxb6 a4 35. Ra7
Rxa7 36. Bxa7 a3 37. Bd4 {My gut tells me, this should be winning for white
too.}) 34... a4 {Was relatively best but should be hopeless in the long run.})
34. Bxf6 Rc8 35. Rg7+ Kf8 36. b7 Rc1+ 37. Kh2 Rb1 38. Rc7 h6 39. Bd4 Ke8 40.
Rc8+ {AlexanderL won by resignation. My cleanest game for today, with some
help by my opponent.} 1-0

[Event "Washington President's Cup"]
[Site "Chess.com"]
[Date "2021.02.06"]
[Round "2"]
[White "Levine, Joseph"]
[Black "Shahinyan, David"]
[Result "1-0"]
[WhiteElo "2179"]
[BlackElo "2578"]
[Annotator "Ralph Dubisch"]
[PlyCount "83"]
[EventDate "2021.02.06"]
[EventType "swiss"]
[EventRounds "5"]
[TimeControl "4200+10"]

{[%evp 0,74,19,38,75,73,88,70,112,108,83,78,80,62,75,56,73,47,48,33,32,-10,-6,
-6,-7,-23,0,-30,0,4,0,-14,30,33,32,32,32,35,52,42,40,43,130,170,170,175,144,
138,129,122,122,101,98,102,102,69,62,55,61,74,61,59,63,68,61,55,60,44,34,30,96,
114,105,101,101,101,174]} 1. e4 d6 2. d4 Nf6 (2... e5 3. Nf3 ({Or} 3. dxe5 dxe5
4. Qxd8+ Kxd8 5. Bc4 Be6 6. Bxe6 fxe6 7. Be3 Nf6 8. f3 Nbd7 9. Nd2 Bc5 10. Bxc5
Nxc5 11. Nc4 Ncd7 12. Nh3 Ke7 13. Nf2 $16 {and Black must find something to do
about the unpleasant threat of Nd3. White has benefited from the flexibility
to develop the b1-knight to d2 and c4.}) 3... exd4 4. Nxd4 Nf6 5. Nc3 (5. f3 $5
) 5... Be7 6. Bf4 O-O 7. Qd2 Nc6 8. O-O-O Nxd4 9. Qxd4 Be6 10. f3 $14) 3. Nc3
e5 4. dxe5 ({If you're familiar with the Philidor, there's a direct
transposition into the main lines.} 4. Nf3 Nbd7 5. Bc4 Be7 6. O-O O-O 7. a4 c6
{, for example.}) 4... dxe5 5. Qxd8+ Kxd8 6. Bg5 (6. Bc4 Be6 (6... Ke8 7. Nf3
Bd6 8. Bg5 Nbd7 9. O-O-O a6 10. a4 h6 11. Bh4 Kf8 $14 {is another way to go,
with lots of alternatives along the route, but even here there's plenty of
play left for everybody.}) 7. Bxe6 fxe6 8. f3 Bd6 9. Be3 Ke7 10. O-O-O Nc6 11.
Nge2 {. Sure, Black has doubled isolated e-pawns, but they're devilishly
difficult to attack. Black's position is a hard rock to break.}) 6... Be6 7.
Nf3 $6 (7. O-O-O+ {intending 8.f4 against, well, almost any rational reply,
looks like a better chance for advantage.}) 7... Bd6 8. O-O-O Nbd7 9. Bb5 Kc8
10. Rd2 (10. Bxf6 Nxf6 11. Ng5 {is probably equal.}) 10... a6 (10... Bb4 {
is slightly uncomfortable to meet.}) 11. Bxd7+ Nxd7 12. a3 (12. Be3 {keeps an
eye on b6, in case a knight happens to transit through there.}) 12... b5 (12...
Nb6 $5) 13. Rhd1 Kb7 (13... Nb6 {again. I'd probably call this a small edge
for Black, due to the excellent semi-outpost on c4 and the bishop-pair.
White's doubled d-file rooks and d5-square offer some hope, though. Black's
king requires only one move to reach a reasonable safe haven.}) 14. Be3 f6 15.
Nd5 Nc5 $2 (15... Rhd8 {. Black is fine.}) 16. Nxc7 $1 Nb3+ 17. cxb3 Bxc7 18.
Rd3 a5 19. Kb1 Rhc8 (19... Rhd8 $14) 20. Ne1 Bd8 $2 (20... a4 $14) 21. Rd6 $1
Bxb3 22. Rd7+ Bc7 23. Rc1 Bc4 24. a4 Ra6 25. Rxg7 Rc6 26. axb5 Bxb5 27. Rxc6 (
27. Rxh7 $5 $16) 27... Bxc6 28. f3 Rd8 29. Kc2 Rd7 30. Rxd7 Bxd7 31. Nd3 Bb5
32. g4 Kc6 33. g5 fxg5 34. Bxg5 Bxd3+ $6 ({Gives up the bishop-pair
unnecessarily.} 34... Kd7 {, using the bishops to prevent inroads on the
queenside while bringing the king to the side where White has an extra pawn,
should hold.}) 35. Kxd3 Kb5 36. b3 Bd6 37. Bd2 Bb4 $2 ({Black's entire
exchanging strategy in this endgame is erroneous.} 37... Bc7 {, while perhaps
not holding out forever, at least has the benefit of not losing immediately.})
38. Bxb4 Kxb4 39. f4 $1 {Of course. White wins.} exf4 40. e5 f3 41. e6 f2 42.
Ke2 1-0